000 00403pab a2200169 454500
008 180718b2017 xxu||||| |||| 00| 0 eng d
100 _aKasturi, Kannan
245 _aPrivatisation is not reform
260 _c2017
300 _ap.18-22.
362 _a8 Jul
650 _aAir India
650 _aPrivatization
650 _aAviation
773 _aEconomic and Political Weekly
909 _a115046
999 _c115040
_d115040